| 000 | 00964nam a2200241 a 4500 | ||
|---|---|---|---|
| 001 | BRCA_2186 | ||
| 005 | 20190320203715.0 | ||
| 008 | 990406s1997 mx-#---##b---#001-0#spa-d | ||
| 020 | _a968364810X (Obra completa) | ||
| 040 |
_aLPU _cLPU _dOCL |
||
| 050 | 4 |
_aN7485 _b.R64 1997 |
|
| 100 | 1 |
_aRodríguez Prampolini, Ida _94944 |
|
| 245 | 1 | 0 |
_aLa crítica de arte en México en el siglo XIX _cIda Rodríguez Prampolini. |
| 250 | _a2 | ||
| 260 |
_aMéxico _bUNAM, Instituto de Investigaciones Estéticas _c1997 |
||
| 300 |
_a3 v. _c24 cm. |
||
| 440 | 0 |
_aEstudios y fuentes del arte en México _v16-18 _96594 |
|
| 500 | _aIncluye índice onomástico | ||
| 505 | 0 | _aContenido : v.1. Estudios y documentos, I (1810-1850). -- v.2. Estudios y documentos II (1810-1858). -- v.3. Estudios y documentos III (1879-1902) | |
| 650 | 1 | 4 |
_aCriticismo en el arte _vFuentes _xHistoria _ySiglo XIX _zMéxico _96595 |
| 650 | 1 | 4 |
_aArte mexicano _vFuentes _ySiglo XIX _96596 |
| 942 |
_2lcc _cB |
||
| 999 |
_c1942 _d1942 |
||